El más mezquino asilo
Guardado en:
| Formato: | Texto |
|---|---|
| Etiquetas: |
Agregar Etiqueta
Sin Etiquetas, Sea el primero en etiquetar este registro!
|
MARC
| LEADER | 00000 a a2200000 04500 | ||
|---|---|---|---|
| 001 | 45477 | ||
| 003 | |||
| 040 | |||
| 090 | |a REV0780 (42)2004 | ||
| 245 | |a El más mezquino asilo | ||
| 773 | |g número42, VI Epoca (2004), páginas 190-191 | ||
| 999 | |c 39104 |d 39104 | ||
